000
00320nam a2200157Ia 4500
100
_a
Shah/Sharanam
942
_c
BK
366
_f
20
654
_a
hibernate
245
_a
Hibernate 3 for beginners
260
_b
SPD
_c
2009
082
_a
5.133
_b
SHA
300
_a
598
546
_a
ENGLISH
_c
electronics
999
_c
25287
_d
25287